000 00581nam a22001577a 4500
005 20120606123612.0
020 _a8171695388
_c00
035 _aA-945361
037 _aDPL
_bENG
100 _aKhanna, S.K.
_948494
245 _aIndian administration :
_bProblems and attitudes /
_cby S K Khanna
260 _aNew Delhi
_bCommonwealth Publishers
_c1999
300 _av, 244p.
_c20 cms.
942 _2ddc
_cEN
_h354.00954
_mKHA
999 _c67552
_d67552